| Tag |
First Indicator |
Second Indicator |
Subfields |
| LEADER |
00000cam a2200000 a 4500 |
| 001 |
in00001810941 |
| 005 |
20151025194439.0 |
| 008 |
970130s1997 kyu bi 001 0 eng |
| 010 |
|
|
|a 97005369
|
| 020 |
|
|
|a 0664257402 (alk. paper)
|
| 035 |
|
|
|a (OCoLC)ocm36501234
|
| 040 |
|
|
|a DLC
|c DLC
|d TWU
|d UtOrBLW
|
| 043 |
|
|
|a n-us---
|
| 049 |
|
|
|a TXAM
|
| 050 |
0 |
0 |
|a M2130
|b .P8 1990 Index
|
| 082 |
0 |
0 |
|a 264/.051023
|2 21
|
| 100 |
1 |
|
|a Muck, Judith L.,
|d 1947-
|
| 245 |
1 |
4 |
|a The Presbyterian hymnal :
|b complete concordance and indexes /
|c Judith L. Muck.
|
| 250 |
|
|
|a 1st ed.
|
| 264 |
|
1 |
|a Louisville, Ky. :
|b Westminster John Knox Press,
|c [1997]
|
| 264 |
|
4 |
|c ©1997
|
| 300 |
|
|
|a x, 340 pages ;
|c 25 cm.
|
| 336 |
|
|
|a text
|b txt
|2 rdacontent
|
| 337 |
|
|
|a unmediated
|b n
|2 rdamedia
|
| 338 |
|
|
|a volume
|b nc
|2 rdacarrier
|
| 500 |
|
|
|a "Based on the Presbyterian hymnal ... published by Westminster/John Knox Press in 1990"--Pref.
|
| 504 |
|
|
|a Includes bibliographical references (pages [339]-340).
|
| 505 |
0 |
|
|a Key word index -- Topical index -- Index of scriptural allusions (scripture to hymn) -- Index of scriptural allusions (hymn to scripture).
|
| 630 |
0 |
0 |
|a Presbyterian hymnal.
|n (1990)
|v Concordances.
|
| 650 |
|
0 |
|a Hymns, English
|z United States
|v Concordances.
|
| 610 |
2 |
0 |
|a Presbyterian Church (U.S.A.)
|x Hymns
|v Concordances.
|
| 630 |
0 |
0 |
|a Presbyterian hymnal.
|n (1990)
|v Indexes.
|
| 650 |
|
0 |
|a Hymns, English
|z United States
|v Indexes.
|
| 610 |
2 |
0 |
|a Presbyterian Church (U.S.A.)
|x Hymns
|v Indexes.
|
| 730 |
0 |
|
|a Presbyterian hymnal.
|n (1990)
|
| 994 |
|
|
|a E0
|b TXA
|
| 948 |
|
|
|a cataloged
|b h
|c 2004/1/30
|d c
|e bhartsfi
|f 1:41:03 pm
|
| 999 |
|
|
|a MARS
|
| 999 |
f |
f |
|s 0890699d-067f-3a8f-9379-09f96fcbb50d
|i e74631fa-4751-30ae-adef-6b7ce44283fa
|t 0
|
| 952 |
f |
f |
|p ric
|a Texas A&M University
|b Rellis Campus
|c Joint Library Facility
|d Remote Storage
|t 0
|e M2130 .P8 1990 Index
|h Library of Congress classification
|i unmediated -- volume
|m A14830711183
|
| 998 |
f |
f |
|a M2130 .P8 1990 Index
|t 0
|l Remote Storage
|